Úloha - úkol

Bibliographic Details
Main Author: Horecký, Ján, 1920-2006 (Author)
Format: Article
Language:Slovak
Subjects:

MARC

LEADER 00000nab a2200000 a 4500
001 vtls009143610
003 SK-MaSNL
005 20260304153013.0
008 250506c1953 xo |||||| | ||00 b|slo
015 |a SNBRB2007/09  |2 snkbucl 
035 |a (uuid)3cc843eb-6014-4cb1-adcd-4f44634549bb 
035 |a urn:nbn:sk:snk-ab1dxd 
035 |a (urnnbn)urn:nbn:sk:snk:ar-004vrx 
038 |a SNKBUCL 
040 |a SNKBUCL  |b slo  |c SNKBUCL  |e AACR2 
041 0 |a slo 
044 |a xo  |c SK 
080 |a 811.162.4`373  |2 1997 
080 |a 81`373:811.162.4  |2 1997 
100 1 |a Horecký, Ján,  |d 1920-2006  |4 aut  |9 105131 
245 1 0 |a Úloha - úkol  |c J. Horecký 
650 0 7 |a slovenčina  |2 snkbucl  |9 1350 
650 0 7 |a slovná zásoba  |2 snkbucl  |9 66837 
773 0 |t Slovenská reč  |g Roč. XVIII, č. 8 (1952-53), s. 256 
850 |a Slovenská národná knižnica 
852 |a Slovenská národná knižnica 
954 |a odborná, vedecká literatúra pôvodná (slovenská)  |2 lita 
958 |a article27 
958 |a OND 
958 |a EUIPO 
999 |c 2952049  |d 2953979